The sketchbooks of George Grosz / (Record no. 20270)

000 -LEADER
fixed length control field 01405pam a2200301 a 4500
001 - CONTROL NUMBER
control field 1579892
005 - DATE AND TIME OF LATEST TRANSACTION
control field 20170118163126.0
008 - FIXED-LENGTH DATA ELEMENTS--GENERAL INFORMATION
fixed length control field 930812s1993 maua bc 000 0 eng
010 ## - LIBRARY OF CONGRESS CONTROL NUMBER
LC control number 93032084
020 ## - INTERNATIONAL STANDARD BOOK NUMBER
International Standard Book Number 0916724832
040 ## - CATALOGING SOURCE
Original cataloging agency DLC
Transcribing agency DLC
Modifying agency DLC
050 00 - LIBRARY OF CONGRESS CALL NUMBER
Classification number NC251
Item number .G66A4 1993
100 1# - MAIN ENTRY--PERSONAL NAME
Personal name Grosz, George,
Dates associated with a name 1893-1959.
245 14 - TITLE STATEMENT
Title The sketchbooks of George Grosz /
Statement of responsibility, etc. edited by Peter Nisbet ; with contributions by Catherina Lauer ... [et al.].
260 ## - PUBLICATION, DISTRIBUTION, ETC. (IMPRINT)
Place of publication, distribution, etc. Cambridge, Mass. :
Name of publisher, distributor, etc. Busch-Reisinger Museum, Harvard University Museums,
Date of publication, distribution, etc. 1993.
300 ## - PHYSICAL DESCRIPTION
Extent 191 p. :
Other physical details ill. (some col.) ;
Dimensions 23 x 27 cm.
500 ## - GENERAL NOTE
General note "Published in conjunction with the exhibition ... held at the Busch-Reisinger Museum ... from 9 October to 12 December 1993"--T.p. verso.
500 ## - GENERAL NOTE
General note Four essays on individual sketchbooks and a complete summary catalog of all extant sketchbooks.
600 10 - SUBJECT ADDED ENTRY--PERSONAL NAME
Personal name Grosz, George,
Dates associated with a name 1893-1959
General subdivision Notebooks, sketchbooks, etc.
-- Exhibitions.
700 1# - ADDED ENTRY--PERSONAL NAME
Personal name Nisbet, Peter.
700 1# - ADDED ENTRY--PERSONAL NAME
Personal name Lauer, Catherina,
Dates associated with a name 1967-
710 2# - ADDED ENTRY--CORPORATE NAME
Corporate name or jurisdiction name as entry element Busch-Reisinger Museum.
942 ## - ADDED ENTRY ELEMENTS (KOHA)
Source of classification or shelving scheme
Koha item type Hard Covered Materials
Classification part NC251 .G66A4 1993
Holdings
Withdrawn status Lost status Source of classification or shelving scheme Damaged status Not for loan Home library Current library Shelving location Date acquired Source of acquisition Total Checkouts Full call number Barcode Date last seen Price effective from Koha item type
          MACHAKOS UNIVERSITY LIBRARY MACHAKOS UNIVERSITY LIBRARY Technical section 18/01/2017 Donation(BFA)   NC251 .G66A4 1993 30867 19/07/2018 18/01/2017 Hard Covered Materials
© Machakos University Library, Along The Highway, Machakos Wote Rd, Machakos, Kenya P.O. Box 136 - 90100 Machakos - Kenya

Tel: ( +254 ) 723 805829 OR Fax : 044-20353 OR Email: library@mksu.ac.ke